| 000 | 00565nam a2200193Ia 4500 | ||
|---|---|---|---|
| 005 | 20250326144920.0 | ||
| 008 | 250326s9999 xx 000 0 und d | ||
| 020 | _a81-7881-344-0 | ||
| 037 | _aTextbook | ||
| 040 |
_aFMSL _beng _cFMSL |
||
| 041 |
_aeng _2eng |
||
| 084 |
_aX:8K P4 _qFMSL |
||
| 100 |
_aLakshmi S V Ed. _9750312 |
||
| 245 | 0 |
_aABC of activity-based costing: concepts and experiences _cLakshmi S V Ed. |
|
| 260 |
_aNew Delhi _bNew Delhi, ICFAI Books _c2004 |
||
| 300 | _aviii,169 | ||
| 942 |
_cTB _hX:8K P4 |
||
| 999 |
_c1305598 _d1305598 |
||